000 00860nam a2200277 i 4500
001 000012738
003 DO-SdBNP
005 20260304094324.0
007 ta
008 091116s1980 dr ac 000 j spa d
040 _aDO-SdBNP
_bspa
_cBNPHU
_erda
041 _hspa
082 4 _aRD863.44
_bP379n
_222
100 1 _aPeix, Pedro
_d1952-2015
_eautor
_4aut.
_925675
245 1 3 _aLa noche de los buzones blancos /
_cPedro Peix.
264 1 _aSanto Domingo :
_bAlfa & Omega,
_c1980.
300 _a212 pƔginas :
_bilustraciones, retratos. ;
_c21 cm.
336 _atexto
_btxt
_2rdacontent
337 _asinmediación
_bn
_2rdamedia
338 _avolumen
_bnc
_2rdacarrier
590 _aInventariado, 2020/MAA
650 0 _aCuentos dominicanos
_9176
650 4 _aLiteratura dominicana.
_967
910 _aValidado. Control de calidad MMOLINA
942 _2ddc
_cLBS1
999 _c12389
_d12389